| 000 | 00507nam a2200193Ia 4500 | ||
|---|---|---|---|
| 003 | OSt | ||
| 005 | 20240517145341.0 | ||
| 008 | 210210b1980 xxu||||| |||| 00| 0 eng d | ||
| 040 | _cAL | ||
| 041 | _aKannada | ||
| 082 | _aK894.3 NARA | ||
| 100 |
_aNARAYANA (P V). _dನಾರಾಯಣ (ಪಿ ವಿ) _9165918 |
||
| 245 |
_aAntara. _bಅಂತರ |
||
| 260 |
_aBengaluru _bBhagyalakshmi Prakashana _c1980 |
||
| 300 | _aiv,201 | ||
| 690 |
_aKannada Fiction _9165919 |
||
| 906 | _a035132 | ||
| 942 |
_2ddc _cBK |
||
| 999 |
_c85381 _d85381 |
||